000 00489nas a2200181 a 4500
001 72500
003 146654
005 20201118111033.0
008 ||||||n9999 ||| || ||
041 _afre
245 0 _aRevue du Droit Public - No.4 (1999)
260 _aFrancia :
_bLibraire Generale De Droit et De Jurisprudence,
_c1999.
562 _e1
650 _aANÁLISIS JURÍDICO
650 _aCONTEXTO INTERNACIONAL
773 _024539
_aRevue du Droit Public :
942 _cSISS
999 _c72500
_d72500